banner-ar

شرح كتاب سيبوية / (Record no. 64709)

MARC details
000 -الفاتح
حقل البيانات ثابتة الطول 00811nam a2200241Ia 4500
005 - وقت وتاريخ اخر تعامل مع التسجيلة
رقم الضبط 20240530110746.0
008 - عناصر البيانات ثابتة الطول - معلومات عامة
حقل البيانات ثابتة الطول 140319s9999 xx 000 0 ara d
040 ## - مصدر الفهرسة
وكالة الفهرسة الأصلية GCL /
وكالة النسخ GCL
082 04 - رقم تصنيف ديوى العشرى
رقم التصنيف 415.1\
رقم المادة س ش
100 1# - المدخل الرئيسى - إسم شخصى
الإسم الشخصى السيرافى ، ابى سعيد
245 10 - بيان العنوان
العنوان شرح كتاب سيبوية /
بيان المسئوليه,etc محمود فهمى حجازى
260 ## - PUBLICATION, DISTRIBUTION, ETC. (IMPRINT)
تاريخ النشر أو التوزيع 1990
300 ## - الوصف المادى
التعداد 2 مج
490 ## - بيان السلسلة
عنوان السلسلة مركز تحقيق التراث
رقم المجلد/ التعيين التسلسلي 0
650 04 - المدخل الاضافى بالموضوع-مصطلح موضوعى
مصطلح موضوعي الادب العربى
650 04 - المدخل الاضافى بالموضوع-مصطلح موضوعى
مصطلح موضوعي النحو
650 04 - المدخل الاضافى بالموضوع-مصطلح موضوعى
مصطلح موضوعي اللغة العربية
700 1# - المدخل الاضافى - اسم شخصى
الإسم الشخصى رمضان عبدالتواب
700 1# - المدخل الاضافى - اسم شخصى
الإسم الشخصى محمد هاشم عبدالدايم
700 1# - المدخل الاضافى - اسم شخصى
الإسم الشخصى ابوسعيد الحسين بن الحسين
942 ## - عناصر المدخل الإضافي( كوها)
مصدر التصنيف او مخطط الترفيف Dewey Decimal Classification
Koha [default] item type كتاب
260 ## - PUBLICATION, DISTRIBUTION, ETC. (IMPRINT)
-- القاهرة :
-- الهيئة المصرية العامة للكتاب ،
Holdings
حالة التراجع حالة الفقد مصدر التصنيف او خطة الترفيف حالة تلف ليس للاعارة المكان المؤقت الموقع الحالى تاريخ الاكتساب اجمالي اﻻعارات رقم الطلب الباركود تاريخ اخر مشاهدة تاريخ تفعيل السعر نوع وعاء كوها
    ddc     مكتبة القاهرة الكبرى مكتبة القاهرة الكبرى 12/03/2018   415.1\ س ش 165179 12/03/2018 12/03/2018 كتاب
    ddc     مكتبة القاهرة الكبرى مكتبة القاهرة الكبرى 12/03/2018   415.1\ س ش 165180 12/03/2018 12/03/2018 كتاب
    ddc     مكتبة القاهرة الكبرى مكتبة القاهرة الكبرى 12/03/2018   415.1\ س ش 165181 12/03/2018 12/03/2018 كتاب
    ddc     مكتبة القاهرة الكبرى مكتبة القاهرة الكبرى 12/03/2018   415.1\ س ش 165182 12/03/2018 12/03/2018 كتاب

Powered By

EGPV